000 00590nam a22001697a 4500
003 SGT
020 _a9780198072096
082 _a658.5,BED
100 _aBEDI, KANISHKA
245 _aPRODUCTION AND OPERATIONS MANAGEMENT
250 _a3RD
260 _aNEW DELHI
_bOXFORD
_c2014
300 _a680
650 _aMANAGEMENT
653 _aINTRODUCTION TO PRODUCTION AND OPERATION MANAGEMENT, OPERATIONS STRATEGIES, NEW PRODUCT DEVELOPMENT, FACILITY LOCATION PLANNING, PROJECT MANAGEMENT, INVENTORY MANAGEMENT, WORK DESIGN, QUALITY MANAGEMENT, DEMAND MANAGEMENT
942 _2ddc
_cFCM
_09
999 _c8965
_d8965